| 000 | 02008nam0a22003491 4500 | ||
|---|---|---|---|
| 001 | rc\2307216 | ||
| 005 | 20110829141630.6 | ||
| 035 | _a(NLR Aleph) 006669693 | ||
| 090 |
_a4976465 _c4976465 |
||
| 100 | _a20110829d1977 |||y0rusy50 ca | ||
| 101 | 0 | _arus | |
| 102 | _aRU | ||
| 105 | _aa z ||||| | ||
| 200 | 1 |
_aСовременное состояние и перспективы развития механизации химической защиты растений за рубежом _f[Шеруда С.Д., Омелюх Я.К., Барыш Е.А., Кушнир Я.И.] _gВсесоюз. объединение "Союзсельхозтехника" Совета Министров СССР, Центр. науч.-исслед. ин-т информации техн.-экон. исследований |
|
| 210 |
_aМосква _cЦНИИТЭИ в/о "Союзсельхозтехника" _d1977 |
||
| 215 |
_a55 с. _cил. _d20 |
||
| 225 | 1 |
_aОбзорная информация _iСерия "Новая сельскохозяйственная техника и методы ее испытания" |
|
| 320 | _aСписок лит.: с. 53-54 (36 назв.) | ||
| 606 |
_aОпрыскиватели _jОбзоры литературы информационные _2rkp |
||
| 606 |
_aЗащита растений _jОбзоры литературы информационные _xХимический способ _2rkp |
||
| 701 | 1 |
_aБарыш _bЕ. А. |
|
| 701 | 1 |
_aКушнир _bЯ. И. |
|
| 701 | 1 |
_aОмелюх _bЯ. К. |
|
| 701 | 1 |
_aШеруда _bС. Д. _gСтепан Дмитриевич |
|
| 712 | 0 | 2 |
_aЦНИИ информации и техн.-экон. исследований всесоюз. объединения "Союзсельхозтехника" _3RU\NLR\AUTH\8810148259 |
| 801 | 0 |
_aRU _bNLR _gpsbo |
|
| 801 | 1 |
_aRU _bELAR _2rusmarc |
|
| 852 |
_aNLR _j77-6/3609 |
||
| 899 |
_aRuMoRGB _jБ 77-53/3756 |
||
| 899 |
_aRuMoRGB _jБ 77-53/3757 |
||
| 942 | _cBOOK | ||
| 980 | _aNB | ||